000 00441nam a2200157Ia 4500
005 20250423095943.0
008 250422s9999 xx 000 0 und d
020 _a978-2174-20-3
050 _aPE 1101 .L36/
245 0 _aLanguage literature and linguistics in the 21st century : a selection of papers
260 _aKaduna
260 _bNatioanal Commission for Colleges of Education
260 _c2000
300 _a250 p
942 _cBK
999 _c31840
_d31840